[Event "Budapest FS02 FM-A"]
[Site "Budapest"]
[Date "2011.02.13"]
[Round "9"]
[White "Mayer, Istvan"]
[Black "Agu, Uche"]
[Result "0-1"]
[WhiteElo "2069"]
[BlackElo "1986"]
[PlyCount "84"]
[EventDate "2011.02.05"]
[EventType "tourn"]
[EventRounds "11"]
[EventCountry "HUN"]
[SourceTitle "CBM 140 Extra"]
[Source "ChessBase"]
[SourceDate "2011.03.01"]
[SourceVersion "1"]
[SourceVersionDate "2011.03.01"]
[SourceQuality "1"]

1. e4 d6 2. d4 Nd7 3. Nf3 e5 4. c4 Ngf6 5. Nc3 c6 6. Be2 Be7 7. 0-0 0-0 8. b3 Qc7 9. Bb2 Re8 10. Rc1 Nf8 11. b4 Ng6 12. Qb3 Nf4 13. Bd1 Nd3 14. Nb5 cxb5 15. Qxd3 bxc4 16. Rxc4 Qb8 17. d5 Bd7 18. a4 Rc8 19. Ba3 Rxc4 20. Qxc4 Qc8 21. Qd3 Qc7 22. Nd2 Ne8 23. Bb3 Qd8 24. b5 Bg5 25. Nc4 Qf6 26. Bc1 Bxc1 27. Rxc1 Qg5 28. Rc2 f5 29. Nd2 Rc8 30. f3 fxe4 31. Nxe4 Qf4 32. g3 Qh6 33. Qd2 Qxd2 34. Nxd2 Rxc2 35. Bxc2 g6 36. Nc4 Kf8 37. f4 exf4 38. gxf4 Ke7 39. Bb3 Nf6 40. Ne3 Ne4 41. Kf1 Nc5 42. Bc2 b6 0-1

[Event "Budapest FS02 FM-A"]
[Site "Budapest"]
[Date "2011.02.08"]
[Round "4"]
[White "Agu, Uche"]
[Black "Erdos, Boglarka"]
[Result "0-1"]
[WhiteElo "1986"]
[BlackElo "2157"]
[PlyCount "112"]
[EventDate "2011.02.05"]
[EventType "tourn"]
[EventRounds "11"]
[EventCountry "HUN"]
[SourceTitle "CBM 140 Extra"]
[Source "ChessBase"]
[SourceDate "2011.03.01"]
[SourceVersion "1"]
[SourceVersionDate "2011.03.01"]
[SourceQuality "1"]

1. e4 e6 2. d3 d5 3. Nd2 Nf6 4. g3 dxe4 5. dxe4 e5 6. Ngf3 Bc5 7. Bg2 0-0 8. 0-0 Nc6 9. c3 a5 10. Qc2 b6 11. Nc4 Qe7 12. Ne3 Bxe3 13. Bxe3 Be6 14. h3 a4 15. Nh4 Bc4 16. Rfe1 Qe6 17. a3 Rfd8 18. Rad1 Nd7 19. Rc1 Nf6 20. f3 Na5 21. Rcd1 Re8 22. Qf2 Bb3 23. Rb1 Nc4 24. Bc1 Nd7 25. Nf5 Nc5 26. Bf1 Rad8 27. g4 Rd7 28. Ne3 Na5 29. Be2 Red8 30. Qh4 c6 31. Qg5 b5 32. Nf5 f6 33. Qe3 Ncb7 34. g5 Bc2 35. gxf6 Qxf6 36. b4 Bxb1 37. bxa5 Nxa5 38. Qb6 Nc4 39. Be3 Bd3 40. Kh2 Bxe2 41. Rxe2 Nd2 42. Rg2 Nxf3+ 43. Kg3 Ng5 44. Kh2 Nxe4 45. Nh6+ Kh8 46. Ng4 Qe6 47. c4 bxc4 48. Qa5 Qd5 49. Qxa4 c3 50. Qb4 c5 51. Qb6 Rf8 52. a4 Nd2 53. Bxc5 Nf3+ 54. Kg3 Ne1 55. Bxf8 Qxg2+ 56. Kh4 Nf3+ 0-1

[Event "Budapest FS02 FM-A"]
[Site "Budapest"]
[Date "2011.02.07"]
[Round "3"]
[White "Szalanczy, Emil"]
[Black "Agu, Uche"]
[Result "1-0"]
[WhiteElo "2239"]
[BlackElo "1986"]
[PlyCount "45"]
[EventDate "2011.02.05"]
[EventType "tourn"]
[EventRounds "11"]
[EventCountry "HUN"]
[SourceTitle "CBM 140 Extra"]
[Source "ChessBase"]
[SourceDate "2011.03.01"]
[SourceVersion "1"]
[SourceVersionDate "2011.03.01"]
[SourceQuality "1"]

1. e4 d6 2. d4 Nd7 3. Nf3 e5 4. Bc4 c6 5. Nc3 Be7 6. a4 b6 7. d5 c5 8. Bb5 Ngf6 9. Nd2 0-0 10. 0-0 g6 11. Nc4 a6 12. Bc6 Rb8 13. Bh6 Re8 14. f4 exf4 15. Rxf4 Nh5 16. Rf2 Ng7 17. Qf3 Rf8 18. Bf4 Nf6 19. h3 Nfe8 20. Rd1 Bd7 21. e5 Nf5 22. Nxd6 Bxc6 23. dxc6 1-0

[Event "Budapest FS10 FM-A"]
[Site "Budapest"]
[Date "2010.10.04"]
[Round "3"]
[White "Agu, Uche"]
[Black "Kantor, Reka"]
[Result "1/2-1/2"]
[WhiteElo "2025"]
[BlackElo "2003"]
[PlyCount "78"]
[EventDate "2010.10.02"]
[EventType "tourn"]
[EventRounds "9"]
[EventCountry "HUN"]
[SourceTitle "CBM 138 Extra"]
[Source "ChessBase"]
[SourceDate "2010.10.29"]
[SourceVersion "1"]
[SourceVersionDate "2010.10.29"]
[SourceQuality "1"]

1. e4 e5 2. Nf3 Nc6 3. Bb5 a6 4. Ba4 Nf6 5. 0-0 Nxe4 6. Re1 Nc5 7. Bxc6 dxc6 8. Nxe5 Be6 9. d4 Nd7 10. Nf3 Be7 11. Bf4 0-0 12. Nbd2 Re8 13. c4 Nb6 14. Rc1 Qd7 15. a3 Rad8 16. Qc2 f6 17. b4 Bd6 18. Be3 Bf8 19. Qb3 Qf7 20. a4 Nc8 21. b5 axb5 22. axb5 cxb5 23. Qxb5 Nd6 24. Qb3 c6 25. Bf4 Nf5 26. Qc3 g5 27. Bg3 g4 28. Nh4 Nxd4 29. Ne4 c5 30. Bf4 Qg7 31. Qg3 Bxc4 32. Nc3 b5 33. h3 b4 34. Ne4 Ne2+ 35. Rxe2 Bxe2 36. Nxc5 Bxc5 37. Rxc5 gxh3 38. Qb3+ Qf7 39. Qxb4 Rd1+ 1/2-1/2

[Event "Budapest FS10 FM-A"]
[Site "Budapest"]
[Date "2010.10.03"]
[Round "2"]
[White "Grimm, Daniel"]
[Black "Agu, Uche"]
[Result "1-0"]
[WhiteElo "1879"]
[BlackElo "2025"]
[PlyCount "126"]
[EventDate "2010.10.02"]
[EventType "tourn"]
[EventRounds "9"]
[EventCountry "HUN"]
[SourceTitle "CBM 138 Extra"]
[Source "ChessBase"]
[SourceDate "2010.10.29"]
[SourceVersion "1"]
[SourceVersionDate "2010.10.29"]
[SourceQuality "1"]

1. e4 d6 2. d4 Nf6 3. Nc3 Nbd7 4. Be3 c6 5. f3 e5 6. Qd2 Be7 7. 0-0-0 b5 8. g4 a5 9. Nge2 a4 10. Ng3 exd4 11. Bxd4 Ne5 12. Be2 b4 13. Nb1 c5 14. Be3 Be6 15. g5 Nfd7 16. f4 Nc4 17. Bxc4 Bxc4 18. b3 axb3 19. cxb3 Bb5 20. Nf5 0-0 21. Nxd6 Bxd6 22. Qxd6 Qa5 23. Rd2 Rfe8 24. Re1 Rxe4 25. Bf2 Rxe1+ 26. Bxe1 Rc8 27. Rc2 Qa8 28. Kb2 Qe4 29. Bf2 c4 30. bxc4 Ba4 31. Rc1 Qe2+ 32. Qd2 Qf3 33. Qe3 Qg2 34. Qg3 Qe4 35. Nd2 Qf5 36. Nb3 Bxb3 37. axb3 Nf8 38. Be1 Ne6 39. Bxb4 Nxf4 40. Rd1 Re8 41. Rd2 Ne6 42. h4 Qe4 43. Bc3 Rc8 44. h5 Qb7 45. Qe5 Re8 46. h6 Qf3 47. hxg7 Qg4 48. Qb5 Rc8 49. Qd7 Rb8 50. Qd6 Rc8 51. Qe7 Qf5 52. Qf6 Qg4 53. Qe7 Qf4 54. Qb7 Rb8 55. Qd5 Rc8 56. Qe5 Qg4 57. Qf6 Rb8 58. Be5 Re8 59. g6 fxg6 60. Rf2 Nf4 61. Qxf4 Qxf4 62. Bxf4 Kxg7 63. Bd6 g5 1-0

[Event "Szeged Cup IM"]
[Site "Szeged"]
[Date "2010.09.25"]
[Round "1"]
[White "Tesik, Csaba"]
[Black "Agu, Uche"]
[Result "1-0"]
[WhiteElo "2258"]
[BlackElo "2025"]
[PlyCount "103"]
[EventDate "2010.09.25"]
[EventType "tourn"]
[EventRounds "9"]
[EventCountry "HUN"]
[SourceTitle "EXT 2019"]
[Source "ChessBase"]
[SourceDate "2018.10.10"]
[SourceVersion "1"]
[SourceVersionDate "2018.10.10"]
[SourceQuality "1"]

1. e4 d6 2. d4 Nd7 3. Nc3 c6 4. f4 e5 5. Nf3 Qc7 6. Bd3 Ngf6 7. 0-0 Be7 8. h3 0-0 9. Be3 exd4 10. Bxd4 Nc5 11. e5 dxe5 12. fxe5 Ne8 13. Bxc5 Bxc5+ 14. Kh1 Be7 15. Qe2 g6 16. Ne4 Ng7 17. Nf6+ Bxf6 18. exf6 Nh5 19. Qd2 Qf4 20. Qxf4 Nxf4 21. Ne5 Nxd3 22. Nxd3 Bf5 23. Rae1 Rfe8 24. Kg1 h5 25. Rf3 Rxe1+ 26. Nxe1 Re8 27. Kf2 Re5 28. Nd3 Rd5 29. Ke3 Kf8 30. Kf4 g5+ 31. Ke3 Ke8 32. Rf2 Kd7 33. g4 hxg4 34. hxg4 Bxg4 35. Ke4 Be6 36. c4 Rd6 37. Nc5+ Kc7 38. Nxe6+ Rxe6+ 39. Kf5 Kd6 40. Rd2+ Kc7 41. Kxg5 Re1 42. c5 Rf1 43. Re2 Rg1+ 44. Kh4 Rd1 45. Kg4 Rd5 46. Re1 Rd2 47. Kg5 Kd8 48. Re7 Rd7 49. Rxd7+ Kxd7 50. Kh6 a5 51. Kg7 Ke6 52. a4 1-0

[Event "Budapest FS07 FM-A"]
[Site "Budapest"]
[Date "2010.07.08"]
[Round "6"]
[White "Kis, Bela"]
[Black "Agu, Uche"]
[Result "0-1"]
[WhiteElo "2087"]
[BlackElo "2029"]
[PlyCount "52"]
[EventDate "2010.07.03"]
[EventType "tourn"]
[EventRounds "11"]
[EventCountry "HUN"]
[SourceTitle "CBM 137 Extra"]
[Source "ChessBase"]
[SourceDate "2010.09.01"]
[SourceVersion "1"]
[SourceVersionDate "2010.09.01"]
[SourceQuality "1"]

1. e4 d6 2. d4 Nd7 3. Nc3 c6 4. f4 e5 5. Nf3 Qc7 6. Bc4 Be7 7. Be3 Ngf6 8. Qd3 b5 9. Bb3 a5 10. a4 b4 11. Qc4 0-0 12. Nd5 Nxd5 13. exd5 c5 14. dxc5 dxc5 15. d6 Bxd6 16. Ng5 Nb6 17. Qd3 g6 18. 0-0-0 Be7 19. fxe5 Qxe5 20. Nf3 Qh5 21. Qb5 Rb8 22. Bf4 Rb7 23. Qc6 c4 24. Bxc4 Nxc4 25. Qxc4 b3 26. Rd5 Qg4 0-1

[Event "Budapest FS07 FM-A"]
[Site "Budapest"]
[Date "2010.07.05"]
[Round "3"]
[White "Agu, Uche"]
[Black "Zala, Gyula"]
[Result "1-0"]
[WhiteElo "2029"]
[BlackElo "2067"]
[PlyCount "47"]
[EventDate "2010.07.03"]
[EventType "tourn"]
[EventRounds "11"]
[EventCountry "HUN"]
[SourceTitle "CBM 137 Extra"]
[Source "ChessBase"]
[SourceDate "2010.09.01"]
[SourceVersion "1"]
[SourceVersionDate "2010.09.01"]
[SourceQuality "1"]

1. e4 e5 2. Nf3 d5 3. exd5 e4 4. Nd4 Qxd5 5. Nb5 Qd8 6. N1c3 c6 7. Na3 Bf5 8. d4 Bd6 9. Nc4 Bc7 10. Be2 Nf6 11. Bg5 h6 12. Bh4 Bf4 13. a4 Nbd7 14. d5 0-0 15. dxc6 bxc6 16. 0-0 Qc7 17. Bg3 Bxg3 18. hxg3 Rad8 19. Qd6 Qxd6 20. Nxd6 Bh7 21. Rfd1 Nb6 22. Nb7 Rb8 23. Na5 Rbc8 24. b3 1-0